[Event "GER-chT11-A email"]
[Site "GER email"]
[Date "2015.10.15"]
[Round "?.2"]
[White "Meyer, Klaus Dieter"]
[Black "Koegler, Klaus"]
[Result "1/2-1/2"]
[WhiteElo "2436"]
[BlackElo "2539"]
[PlyCount "72"]
[EventDate "2015.??.??"]
[EventType "tourn (corr)"]
[EventRounds "8"]
[EventCountry "GER"]
[SourceTitle "Corr 2017"]
[Source "ChessBase"]
[SourceDate "2017.09.19"]
[SourceVersion "1"]
[SourceVersionDate "2017.09.19"]
[SourceQuality "1"]
[WhiteTeam "Hamburg SG BUE"]
[BlackTeam "SV Osnabrueck von 1919 e.V."]

1. d4 d5 2. c4 e6 3. Nc3 Nf6 4. Bg5 Be7 5. e3 0-0 6. Nf3 h6 7. Bh4 b6 8. Bd3 Bb7 9. 0-0 Nbd7 10. Qe2 c5 11. Rfd1 Ne4 12. Bg3 cxd4 13. exd4 Nxg3 14. hxg3 dxc4 15. Bxc4 Nf6 16. Ne5 Bb4 17. Rac1 Qe7 18. Bd3 Rac8 19. Ne4 Bd6 20. Nxf6+ Qxf6 21. Be4 Bxe4 22. Qxe4 Rxc1 23. Rxc1 Qg5 24. Rc2 Bxe5 25. dxe5 Rd8 26. Kh2 g6 27. Qh4 Kg7 28. f4 Qxh4+ 29. gxh4 Rd4 30. Kg3 Rd3+ 31. Kf2 g5 32. g3 gxf4 33. gxf4 Rh3 34. Rc7 a5 35. Rb7 h5 36. Rxb6 Rxh4 1/2-1/2

[Event "GER-chT10 LJ-21 Br02 email"]
[Site "GER email"]
[Date "2013.10.04"]
[Round "?"]
[White "Felkel, Siegfried"]
[Black "Meyer, Klaus Dieter"]
[Result "1/2-1/2"]
[WhiteElo "2211"]
[BlackElo "2203"]
[PlyCount "112"]
[EventDate "2013.10.15"]
[EventType "tourn (corr)"]
[EventRounds "8"]
[EventCountry "GER"]
[SourceTitle "Corr 2015"]
[Source "ChessBase"]
[SourceDate "2015.07.17"]
[SourceVersion "1"]
[SourceVersionDate "2015.07.17"]
[SourceQuality "1"]

1. d4 Nf6 2. c4 e6 3. g3 c5 4. d5 exd5 5. cxd5 d6 6. Nc3 g6 7. Bg2 Bg7 8. Nf3 0-0 9. 0-0 a6 10. a4 Re8 11. Bf4 Nh5 12. Bg5 Qc7 13. Qd2 Nd7 14. Bh6 Bh8 15. h3 Rb8 16. Rfc1 Nhf6 17. Rab1 Ne4 18. Nxe4 Rxe4 19. b4 a5 20. bxc5 Nxc5 21. Be3 b6 22. Bd4 Re8 23. Bxh8 Kxh8 24. Nd4 Kg8 25. Nc6 Rb7 26. Rc4 f6 27. h4 Kg7 28. Bf3 h5 29. Rf4 Bf5 30. Rb5 Bd7 31. Rb1 Bf5 32. Rd1 Bc8 33. Kh2 Qd7 34. Qd4 Qf7 35. Rg1 b5 36. g4 hxg4 37. Bxg4 Bxg4 38. Rfxg4 Kh7 39. Qf4 Rg8 40. h5 g5 41. Qf5+ Kg7 42. h6+ Kh8 43. axb5 Qg6 44. Qxg6 Rxg6 45. Nd4 a4 46. Kg2 Rg8 47. f4 a3 48. Ra1 Ra8 49. Kf3 gxf4 50. Ra2 Ra4 51. Rxf4 Nd7 52. Nc6 Ra8 53. Rb4 Nb6 54. Rd4 Rh7 55. Rd3 Rxh6 56. Kf2 Nc4 1/2-1/2

[Event "GER-chT10 LJ-21 Br02 email"]
[Site "GER email"]
[Date "2013.10.04"]
[Round "?"]
[White "Mantu, Eugen"]
[Black "Meyer, Klaus Dieter"]
[Result "0-1"]
[WhiteElo "2054"]
[BlackElo "2203"]
[PlyCount "62"]
[EventDate "2013.10.15"]
[EventType "tourn (corr)"]
[EventRounds "8"]
[EventCountry "GER"]
[SourceTitle "Corr 2015"]
[Source "ChessBase"]
[SourceDate "2015.07.17"]
[SourceVersion "1"]
[SourceVersionDate "2015.07.17"]
[SourceQuality "1"]

1. e4 c5 2. Nf3 Nc6 3. d4 cxd4 4. Nxd4 Nf6 5. Nc3 e5 6. Ndb5 d6 7. Bg5 a6 8. Na3 b5 9. Nd5 Be7 10. Nxe7 Nxe7 11. Bxf6 gxf6 12. c4 Bb7 13. cxb5 Bxe4 14. bxa6 d5 15. Qd2 0-0 16. Rc1 Qb6 17. b4 Rac8 18. Rxc8 Rxc8 19. h4 d4 20. Rh3 Nf5 21. b5 Bd5 22. Nc2 e4 23. Nb4 Be6 24. a3 h5 25. Be2 Kg7 26. Qb2 Bc4 27. Bxh5 e3 28. Bg4 Re8 29. Bxf5 exf2+ 30. Kxf2 d3+ 31. Kf3 Re3+ 0-1

[Event "GER-chT10 LJ-21 Br02 email"]
[Site "GER email"]
[Date "2013.10.04"]
[Round "?"]
[White "Meyer, Klaus Dieter"]
[Black "Welle, Bernd"]
[Result "1/2-1/2"]
[WhiteElo "2203"]
[BlackElo "2209"]
[PlyCount "95"]
[EventDate "2013.10.15"]
[EventType "tourn (corr)"]
[EventRounds "8"]
[EventCountry "GER"]
[SourceTitle "Corr 2015"]
[Source "ChessBase"]
[SourceDate "2015.07.17"]
[SourceVersion "1"]
[SourceVersionDate "2015.07.17"]
[SourceQuality "1"]

1. d4 Nf6 2. c4 e6 3. Nf3 d5 4. Nc3 c6 5. Bg5 h6 6. Bh4 dxc4 7. e4 g5 8. Bg3 b5 9. Be2 Bb7 10. 0-0 Nbd7 11. Ne5 h5 12. Nxd7 Qxd7 13. Be5 Rh6 14. Qc1 Ng4 15. Bxg4 hxg4 16. Qxg5 Rg6 17. Qe3 c5 18. dxc5 b4 19. Ne2 Qc6 20. Ng3 Bxc5 21. Bd4 Bd6 22. f4 gxf3 23. Qxf3 Qc7 24. Rac1 0-0-0 25. Be3 Rdg8 26. Rf2 f5 27. Qe2 c3 28. bxc3 b3 29. exf5 exf5 30. Qb5 f4 31. Qf5+ Qd7 32. Qxd7+ Kxd7 33. Bxf4 Bc5 34. Rd1+ Kc8 35. axb3 Rf8 36. Rd4 Bxd4 37. cxd4 Bd5 38. b4 Kd7 39. Nh5 a6 40. Be5 Rxf2 41. Kxf2 Rxg2+ 42. Ke3 Rb2 43. Nf6+ Ke6 44. h4 Rxb4 45. h5 Rb3+ 46. Kf4 Rf3+ 47. Kg4 Rxf6 48. Bxf6 1/2-1/2